| 000 | 00477cam a22002051 4500 | ||
|---|---|---|---|
| 001 | 10260131 | ||
| 005 | 20180213082427.0 | ||
| 008 | 740830s1954 nyu 000 0 eng | ||
| 010 | _a 54006592 | ||
| 035 | _a(OCoLC)994418 | ||
| 040 |
_aDLC _cOYU _dDLC |
||
| 041 | _aeng | ||
| 080 | _a510 LEV | ||
| 082 | _2510 LEV | ||
| 100 | 1 | _a40 | |
| 101 | _aMAT | ||
| 245 | 1 | 0 | _aIntermediate algebra. |
| 906 |
_a7 _bcbc _coclcrpl _du _encip _f19 _gy-gencatlg |
||
| 942 |
_2ddc _cBK |
||
| 999 |
_c42411 _d42411 |
||